Plano de Madrid dividido en diez quarteles [ (Record no. 73283)

MARC details
000 -LEADER
campo de control de longitud fija 01223nem a2200265 i 4500
001 - NÚMERO DE CONTROL
campo de control 73283
003 - IDENTIFICADOR DE NÚMERO DE CONTROL
campo de control ES-MaACL
005 - FECHA Y HORA DE LA ÚLTIMA TRANSACCIÓN
campo de control 20250907063048.0
007 - CAMPO FIJO DE DESCRIPCIÓN FÍSICA--INFORMACIÓN GENERAL
campo de control de longitud fija a
008 - DATOS DE LONGITUD FIJA--INFORMACIÓN GENERAL
campo de control de longitud fija 040924s1832 sp b | |0| ||spa d
080 ## - NÚMERO DE LA CLASIFICACIÓN DECIMAL UNIVERSAL
Número de la Clasificación Decimal Universal (464.1 Madrid)
100 1# - ENTRADA PRINCIPAL--NOMBRE DE PERSONA
Nombre de persona López, Juan,
Fechas asociadas al nombre 1765-1830
9 (RLIN) 145835
245 10 - MENCIÓN DEL TÍTULO
Título Plano de Madrid dividido en diez quarteles [
Medio Material cartográfico] /
Mención de responsabilidad, etc. publícale el geógrafo Dn. Juan López ; delineado por D. Pedro Lezcano y Carmona ; gravado [sic] por Fonseca en el año de 1812... 1832.
246 3# - FORMA VARIANTE DEL TITULO
Título propio/Titulo breve Plano de Madrid [
Medio Material cartográfico]
Fecha o designación secuencial 1832
255 ## - DATOS MATEMÁTICOS CARTOGRÁFICOS
Mención de escala Escala [ca. 1:7.000]. 3000 pies castellanos [= 11 cm].
300 ## - DESCRIPCIÓN FÍSICA
Extensión 1 plano :
Otras características físicas grab. ;
Dimensiones 50 x 60 cm.
592 ## -
-- Orientado. - Relieve por sombreado. - Cultivos y arbolado representados.
597 ## - NOTA DE DESCRIPCIÓN FÍSICA
NOTA DE DESCRIPCIÓN FÍSICA Cortado en cuadrículas y forrado en tela; conservado en estuche.
651 #4 - PUNTO DE ACCESO ADICIONAL DE MATERIA--NOMBRE GEOGRÁFICO
Nombre geográfico Madrid-
Subdivisión de forma Planos-
Subdivisión cronológica S.XIX.
9 (RLIN) 8977
700 1# - ENTRADA AGREGADA--NOMBRE PERSONAL
Nombre de persona Lezcano y Carmona, Pedro.
9 (RLIN) 145843
700 1# - ENTRADA AGREGADA--NOMBRE PERSONAL
Nombre de persona Fonseca, José,
Fechas asociadas al nombre fl. 1791-1807
9 (RLIN) 145844
852 ## - LOCALIZACIÓN
Ubicación ES-MaACL
Número de control de estantería F-5352
856 ## - LOCALIZACIÓN Y ACCESO ELECTRÓNICOS
Identificador Uniforme de Recursos <a href="http://bibliotecadigitalhispanica.bne.es:80/webclient/DeliveryManager?pid=89464&custom_att_2=simple_viewer">http://bibliotecadigitalhispanica.bne.es:80/webclient/DeliveryManager?pid=89464&custom_att_2=simple_viewer</a>
Nota pública Ir a la página
Holdings
Estatus retirado Estado de pérdida Estado de daño No para préstamo Colección Biblioteca de origen Biblioteca actual Ubicación en estantería Fecha de adquisición Fuente de adquisición Total de préstamos Signatura topográfica completa Código de barras Visto por última vez Precio de reemplazo Tipo de ítem Koha
        Colección digital Biblioteca del Ateneo de Madrid Biblioteca del Ateneo de Madrid Depósito 2 17/01/2008     F-5352 1076711 23/02/2023 23/02/2023 Mapa